000 00355nam a2200109Ia 4500
008 171212s9999 xx 000 0 und d
100 _aLibicki, Martin C.
245 _cLibicki, Martin C.
_aBrandishing Cyberattack Capabilities
260 _bRAND Corporation
_c2013
650 _aPolitical Science
856 _uhttp://www.jstor.org/stable/10.7249/j.ctt5hht3r
999 _c351804
_d351804